| 000 | 00652nam a2200193 i 4500 | ||
|---|---|---|---|
| 001 | 186781 | ||
| 003 | ES-MaACL | ||
| 005 | 20251015063156.0 | ||
| 008 | 170215s1910 sp |||| | spa d | ||
| 100 | 1 |
_aVarela, Benigno, _d1882-1946 _9113129 |
|
| 245 | 1 | 3 |
_a¡¡Traidores!! / _cnovela de Benigno Varela ; ilustraciones de Medina-Vera. |
| 260 |
_aMadrid : _bLos Contemporáneos, _c1910. |
||
| 300 |
_a[20] p. : _bil. ; _c27 cm. |
||
| 490 | 1 |
_aLos contemporáneos ; _v84 |
|
| 700 | 1 |
_aMedina Vera, Inocencio, _d1876-1918 _979756 |
|
| 830 | 0 |
_aLos contemporáneos ; _v84 _9185715 |
|
| 852 |
_aES-MaACL _jR-2599(6) |
||
| 999 |
_c186781 _d186781 |
||